| 000 | 00441nam a2200193Ia 4500 | ||
|---|---|---|---|
| 005 | 20240823035245.0 | ||
| 008 | 240823s9999||||xx |||||||||||||| ||und|| | ||
| 020 | _a978-0-00-745971-7 | ||
| 041 | _aENGLISH | ||
| 082 | _A823.92 Q3 | ||
| 100 | _aSimon Tolkien | ||
| 245 | 0 | _aOrders from Berlin | |
| 250 | _a1st | ||
| 260 |
_c2013 _bHarper Collins Publi |
||
| 500 | _aYES | ||
| 650 |
_aNovel _bEnglish |
||
| 942 | _cBK | ||
| 999 |
_c200256 _d200256 |
||